• 首页
  • 本馆介绍
  • 公告通知
  • 最新文献
  • 馆藏检索
  • 电子资源
  • 读者导购
  • 参考咨询
  • 我的图书馆
  • 登录
  • 详细信息显示
  • 放入我的书架
  • 预约/预借图书
  • 作者相关作品
  • 分类相关作品
  • 丛书相关作品
  • 出版社相关作品

书目信息

  • 表格格式
  • 工作单格式
  • 卡片格式
题名:
重塑面向公众的政务服务
    
 
作者: 艾琳 , 王刚 著
分册:  
出版信息: 北京   社会科学文献出版社  2015.02
页数: 28,373页
开本: 26cm
丛书名:
单 册:
中图分类: D630.1
科图分类:
主题词: 国家行政机关--行政管理--研究--中国
电子资源:
ISBN: 978-7-5097-7213-3
000 01000nam0 2200253 450
001 0120151549641
005 20160512145031.31
010    @a978-7-5097-7213-3@dCNY118.00
100    @a20150420d2015 em y0chiy50 ea
101 0  @achi
102    @aCN@b110000
105    @ay z 000yy
106    @ar
200 1  @a重塑面向公众的政务服务@9chong su mian xiang gong zhong de zheng wu fu wu@f艾琳,王刚著
210    @a北京@c社会科学文献出版社@d2015.02
215    @a28,373页@d26cm
330    @a本书基于丰厚的实践基础,勾勒了服务型政府建设的逻辑脉络,揭示了政务服务中心发展的基因密码,阐述了它的存在价值、未来走向和生命力等问题,填补了公共管理的学科空白,是我国政务服务中心建设的百科全书。
333    @a政府相关部门工作者,行政体制改革、行政管理等相关领域的学者、研究人员,高校相关专业师生
606 0  @a国家行政机关@x行政管理@x研究@y中国
690    @aD630.1@v5
701  0 @a艾琳@9ai lin@4著
701  0 @a王刚@9wang gang@4著
801  0 @aCN@b人天书店@c20150420
905    @b875680-85@dD630.1@e238@f6
    
    重塑面向公众的政务服务/艾琳,王刚著.-北京:社会科学文献出版社,2015.02
    28,373页;26cm
    使用对象:政府相关部门工作者,行政体制改革、行政管理等相关领域的学者、研究人员,高校相关专业师生
    
    ISBN 978-7-5097-7213-3:CNY118.00
    本书基于丰厚的实践基础,勾勒了服务型政府建设的逻辑脉络,揭示了政务服务中心发展的基因密码,阐述了它的存在价值、未来走向和生命力等问题,填补了公共管理的学科空白,是我国政务服务中心建设的百科全书。
●
相关链接 在E读中查询图书 在五车中查询图书 在当当中查询图书 在豆瓣中查询图书


正题名:重塑面向公众的政务服务     索取号:D630.1/238         预约/预借

序号 登录号 条形码 馆藏地/架位号 状态 备注
1 875680   208756808   第一样本阅览室/ [索取号:D630.1/238] 在馆    
2 875681   208756817   教育系资料室/ [索取号:D630.1/238] 在馆    
3 875682   208756826   教育系资料室/ [索取号:D630.1/238] 在馆    
4 875683   208756835   教育系资料室/ [索取号:D630.1/238] 在馆    
5 875684   208756844   第一借阅区/ [索取号:D630.1/238] 在馆    
6 875685   208756853   第一借阅区/ [索取号:D630.1/238] 在馆    
欢迎您!
大连网信软件有限公司© 版权所有